Some current topics on nonlinear conservation laws : lectures at Morningside Center of Mathematics, 1

Αποθηκεύτηκε σε:
Λεπτομέρειες βιβλιογραφικής εγγραφής
Άλλοι συγγραφείς: Hsiao, Ling 1940- (Επιμελητής έκδοσης), Xin, Zhouping 1959- (Επιμελητής έκδοσης)
Μορφή: Βιβλίο
Γλώσσα:English
Δημοσίευση: Providence,R.I. : American Mathematical Society, c2000.
Σειρά:AMS/IP studies in advanced mathematics ; v.15
Θέματα:
Ετικέτες: Προσθήκη ετικέτας
Δεν υπάρχουν, Καταχωρήστε ετικέτα πρώτοι!

MARC

LEADER 00000cam a2200000 i 4500
001 1/13366
008 001124s2000 riu ||| | eng||
020 |a 0821819658 
035 |l 10064593 
040 |a GR-MyUA  |b gre  |e AACR2 
041 0 |a eng 
082 0 |a 515.353  
245 1 0 |a Some current topics on nonlinear conservation laws :   |b lectures at Morningside Center of Mathematics, 1 /   |c Ling Hsiao and Zhouping Xin, editors.  
260 |a Providence,R.I. :   |b American Mathematical Society,   |c c2000.  
300 |a xxxi, 226 σ. :   |b εικ. ;   |c 25 εκ.  
490 1 |a (AMS/IP studies in advanced mathematics  |v ; v.15) 
504 |a Περιέχει βιβλιογραφικές αναφορές και ευρετήριο.  
650 0 0 |a Conservation laws (Mathematics) 
650 0 0 |a Nonlinear theories. 
700 1 |a Hsiao, Ling  |d 1940-  |e edt 
700 0 |a Xin, Zhouping  |d 1959-  |e edt 
830 0 |a AMS/IP studies in advanced mathematics ;  |v  v.15 
852 |a INST  |b SAMOS  |e 20001124  |h 515.353 SOM  |p 005300018353  |q 005300018353  |t BK  |y 0 
901 |a BIBL3-2000-3 
909 |a Σ  |b 082311 
922 |a 3ΕΛΗ  |b 200010  |c ΤΣΑΕ/ΚΒ  |d ΜΙΧΑΛΟΠΟΥΛΟΣ 
950 |a 184-2000-09-12 
970 |a ΠΟΥΡΝΑΡΑΣ  |b ΔΗΜΗΤΡΗΣ  |z 2000/11/30